00453 2200193 4500001002100000005001500021035002000036245002300056100001500079250000600094300002000100260004200120082001000162084001600172020002200188600002700210990001100237990001100248INLIS00000000000119220220104093901 a0010-01220000031 aChange Your Habits0 aIsnaeni DK a1 a228 hlm :bilus aKlaten :bCaesar Media Pustaka,c2018 a153.8 a153.8 ISN c a978-602-74793-9-5 4aMotivasi ( Psikologi ) a001961 a001961